| 000 | 00466nam a2200133Ia 4500 | ||
|---|---|---|---|
| 008 | 240208s9999||||xx |||||||||||||| ||und|| | ||
| 082 |
_a242 _bYOG/C |
||
| 100 | _aYogi, Maharishi Mahesh | ||
| 245 | 0 | _aCreating An Ideal Society: A Global Undertaking . 1977 The year of Ideal Society, 1979 The Year of All possibilities for every Nation. | |
| 250 | _aIst Edition | ||
| 260 |
_aNew york _bMaharishi International University Press _c1977 |
||
| 300 | _a168p | ||
| 942 | _cBK | ||
| 999 |
_c42875 _d42875 |
||